Structural Dynamics : (Record no. 13537)
[ view plain ]
| 000 -LEADER | |
|---|---|
| fixed length control field | 01058cam a22002774a 4500 |
| 001 - CONTROL NUMBER | |
| control field | 13346370 |
| 005 - DATE AND TIME OF LATEST TRANSACTION | |
| control field | 20160531113048.0 |
| 008 - FIXED-LENGTH DATA ELEMENTS--GENERAL INFORMATION | |
| fixed length control field | 030917s2004 maua |rb 001 0 eng |
| 010 ## - LIBRARY OF CONGRESS CONTROL NUMBER | |
| LC control number | 2003061987 |
| 020 ## - INTERNATIONAL STANDARD BOOK NUMBER | |
| International Standard Book Number | 1402076671 |
| 040 ## - CATALOGING SOURCE | |
| Original cataloging agency | DLC |
| Transcribing agency | DLC |
| Modifying agency | DLC |
| 042 ## - AUTHENTICATION CODE | |
| Authentication code | pcc |
| 050 00 - LIBRARY OF CONGRESS CALL NUMBER | |
| Classification number | TA654 |
| Item number | .P39 2004 |
| 082 00 - DEWEY DECIMAL CLASSIFICATION NUMBER | |
| Classification number | 624.171 |
| Edition number | 22 |
| Item number | PAZ |
| 100 1# - MAIN ENTRY--PERSONAL NAME | |
| Personal name | Paz, Mario. |
| 9 (RLIN) | 12017 |
| 245 10 - TITLE STATEMENT | |
| Title | Structural Dynamics : |
| Remainder of title | Theory and Computation / |
| Statement of responsibility, etc | Mario Paz, William Leigh. |
| 250 ## - EDITION STATEMENT | |
| Edition statement | 5th ed. |
| 260 ## - PUBLICATION, DISTRIBUTION, ETC. (IMPRINT) | |
| Place of publication, distribution, etc | Boston : |
| Name of publisher, distributor, etc | Kluwer Academic Publishers, 2004 |
| Date of publication, distribution, etc | 2004. |
| 300 ## - PHYSICAL DESCRIPTION | |
| Extent | xxii, 812 p. : |
| Other physical details | ill. ; |
| Dimensions | 24 cm. |
| 504 ## - BIBLIOGRAPHY, ETC. NOTE | |
| Bibliography, etc | Includes bibliographical references (p. [803]-805) and index. |
| 650 #0 - SUBJECT ADDED ENTRY--TOPICAL TERM | |
| 9 (RLIN) | 12018 |
| Topical term or geographic name as entry element | Structural dynamics |
| 700 1# - ADDED ENTRY--PERSONAL NAME | |
| Personal name | Leigh, William E. |
| 9 (RLIN) | 12019 |
| 856 42 - ELECTRONIC LOCATION AND ACCESS | |
| Materials specified | Publisher description |
| Uniform Resource Identifier | <a href="http://www.loc.gov/catdir/enhancements/fy0813/2003061987-d.html">http://www.loc.gov/catdir/enhancements/fy0813/2003061987-d.html</a> |
| 942 ## - ADDED ENTRY ELEMENTS (KOHA) | |
| Source of classification or shelving scheme | Dewey Decimal Classification |
| Item type | NB - Book (Non borrowing) |
| Withdrawn status | Item status | Source of classification or shelving scheme | Damaged status | Not for loan | Vendor | Home library | Current library | Shelving location | Date acquired | Source of acquisition | Total Checkouts | Full call number | Barcode | Date last seen | Date last borrowed | Koha item type | Total Renewals | Materials specified (bound volume or other part) |
|---|---|---|---|---|---|---|---|---|---|---|---|---|---|---|---|---|---|---|
| Dewey Decimal Classification | Baccah | Central Library | Central Library | First floor | 28/02/2010 | 1 | 624.171 PAZ | 000020012 | 15/07/2025 | 03/10/2012 | NB - Book (Non borrowing) | |||||||
| Dewey Decimal Classification | Baccah | Central Library | Central Library | First floor | 28/02/2010 | 5 | 624.171 PAZ | 000019997 | 15/07/2025 | 18/01/2020 | Book - Borrowing | 32 | ||||||
| Dewey Decimal Classification | Baccah | Central Library | Central Library | First floor | 28/02/2010 | 624.171 PAZ | 000020013 | 24/08/2022 | CD | DVD - With book | |||||||||
| Dewey Decimal Classification | Baccah | Central Library | Central Library | First floor | 28/02/2010 | 624.171 PAZ | 000020014 | 24/08/2022 | CD | DVD - With book | Lost In Inventory_2018-08-12 |